Community development / (Record no. 1019)

000 -LEADER
fixed length control field 01048nam a22001937a 4500
003 - CONTROL NUMBER IDENTIFIER
control field OSt
005 - DATE AND TIME OF LATEST TRANSACTION
control field 20140116120843.0
008 - FIXED-LENGTH DATA ELEMENTS--GENERAL INFORMATION
fixed length control field 121023b xxu||||| |||| 00| 0 eng d
020 ## - INTERNATIONAL STANDARD BOOK NUMBER
International Standard Book Number 9789966364494
040 ## - CATALOGING SOURCE
Original cataloging agency LoC
Language of cataloging English
050 ## - LIBRARY OF CONGRESS CALL NUMBER
Classification number HN780.O54 2009
100 ## - MAIN ENTRY--PERSONAL NAME
Personal name Ong'ang'a H.
245 ## - TITLE STATEMENT
Title Community development /
Statement of responsibility, etc Hudson Ong'ang'a
260 ## - PUBLICATION, DISTRIBUTION, ETC. (IMPRINT)
Place of publication, distribution, etc Nairobi
Name of publisher, distributor, etc Longhorn publishers
Date of publication, distribution, etc 2009
300 ## - PHYSICAL DESCRIPTION
Extent ix.: 94p.
Other physical details ill
504 ## - BIBLIOGRAPHY, ETC. NOTE
Bibliography, etc Includes bibliography
505 ## - FORMATTED CONTENTS NOTE
Formatted contents note definition of key concepts in community development---principles of community capacity building---community organization structure---leadership patterns---strategies for community capacity building, mobilization and empowerment---components of group dynamics in community development---socio-economic changes and their effects on child rearing practices---modes of managing community based ECDE programmes---Networking, coalition and collaboration in ECDE programmes---Effective communication in community capacity building and mobilization---emerging issues
942 ## - ADDED ENTRY ELEMENTS (KOHA)
Source of classification or shelving scheme
Koha item type Book
Holdings
Withdrawn status Lost status Source of classification or shelving scheme Damaged status Not for loan Home library Current library Date acquired Total Checkouts Full call number Barcode Date last seen Date checked out Copy number Price effective from Koha item type Total Renewals
          Riara University Library Riara University Library 23/10/2012 1 HN780.O54 2009 3544/12 27/11/2012 27/11/2012 C.1 23/10/2012 Book  
          Riara University Library Riara University Library 23/10/2012 3 HN780.O54 2009 3543/12 04/07/2016 02/06/2016 C.2 23/10/2012 Book 1
          Riara University Library Riara University Library 23/10/2012 1 HN780.O54 2009 3542/12 27/11/2012 27/11/2012 C.3 23/10/2012 Book  
          Riara University Library Riara University Library 29/11/2013 1 HN780.O54 2009 4394/13 10/08/2018 09/08/2018 C.4 29/11/2013 Book  
          Riara University Library Riara University Library 29/11/2013 7 HN780.O54 2009 4395/13 27/02/2017 30/01/2017 C.5 29/11/2013 Book  

Riara University Library,
P.O. Box 49940-00100,
Nairobi, Kenya.